000 00514nam a2200145 4500
999 _c10201
_d10201
008 180804b ||||| |||| 00| 0 eng d
022 _a2094-8042
082 _aDPer 370.105 M72 Jan-Dec 2011 v59-60
100 _930097
_aCasnonizado, Isagani Costales
245 _aAre you ready?:
_bsome points to remember befoore classes start/
_cIsagani Costales Canonizado.
260 _aPhilippines;
_bIn The Grade School, Inc.,
_cc2011.
300 _av60 n1, page 11:
_c27cm.
650 0 _930098
_aTeachers.
942 _2ddc
_cPER